Menschen: Deutch als Fremdsprache Arbeitsbuch: Level A1.1 (Record no. 256)

000 -LEADER
fixed length control field 00650nam a22002057a 4500
005 - DATE AND TIME OF LATEST TRANSACTION
control field 20241104130443.0
008 - FIXED-LENGTH DATA ELEMENTS--GENERAL INFORMATION
fixed length control field 201117s ||||| |||| 00| 0 ger d
020 ## - INTERNATIONAL STANDARD BOOK NUMBER
International Standard Book Number 9783193119018
040 ## - CATALOGING SOURCE
Transcribing agency DLC
080 ## - UNIVERSAL DECIMAL CLASSIFICATION NUMBER
Universal Decimal Classification number 811.112.2
Item number G-51
100 ## - MAIN ENTRY--PERSONAL NAME
9 (RLIN) 54
Personal name Glas-Peters Sabine
245 ## - TITLE STATEMENT
Title Menschen: Deutch als Fremdsprache Arbeitsbuch: Level A1.1
Statement of responsibility, etc. / by Huber Verlag. Authors: Sabine Glas-Peters, Angela Pude, Monika Reimann
260 ## - PUBLICATION, DISTRIBUTION, ETC.
Place of publication, distribution, etc. germany
Name of publisher, distributor, etc. Hueber
Date of publication, distribution, etc. 2012
300 ## - PHYSICAL DESCRIPTION
Extent 109 p.
Other physical details 1 CD
650 ## - SUBJECT ADDED ENTRY--TOPICAL TERM
Source of heading or term German Language
653 ## - INDEX TERM--UNCONTROLLED
Uncontrolled term გერმანული ენა
700 ## - ADDED ENTRY--PERSONAL NAME
9 (RLIN) 52
Personal name Pude Angela
700 ## - ADDED ENTRY--PERSONAL NAME
9 (RLIN) 55
Personal name Reimann Monika
942 ## - ADDED ENTRY ELEMENTS (KOHA)
Source of classification or shelving scheme
Koha item type Books
Holdings
Withdrawn status Lost status Source of classification or shelving scheme Damaged status Not for loan Permanent location Current location Date acquired Inventory number Total Checkouts Full call number Barcode Date last seen Price effective from Koha item type
          Ken Walker International University Ken Walker International University 11/17/2020 993   811.112.2 G-51 993 11/17/2020 11/17/2020 Books

Powered by Koha